01141nam a22001697a 4500008004100000020001500041050002700056100002500083245011500108260003200223300002400255505056900279650002900848700002300877700002800900700004300928120720s1999 mx 000 0 spa d a9706134174 aHV6025.08718bM24 1999 aMaguire, Mikeeautor0 aManual de Criminología c / Mike Maguire, Rod Morgan, Robert Reiner ; traducción Arturo Aparicio Vázquez aMéxicob : Oxfordc, 1999 axiv, 706 páginas  aParadigmas recientes de la criminología Estadísticas, pautas y tendencias de la criminalidad: cambios en las percepciones y sus implicaciones Delitos violentos Delitos de cuello blanco Drogas: métodos de control, delincuencia y estudios criminológicos Crimen profesional y organizado en Inglaterra La economía política del delito Desarrollo hmano y trayectorias criminales Criminología ambiental Prevención del delito La policía y la actividad policiaca Prisioneos Raza, delito y justicia penal Delincuentes con trastornos mentales Víctimas 10aCRIMINOLOGÍAxMANUALES aMorgan, Rodeautor aReiner, Robert eautor aAparicio Vázquez, Arturo etraductor